Psx Pets/Eggs Quiz - Statistics

General Stats
  • This quiz has been taken 4 times
  • The average score is 9 of 22
Answer Stats
Picture Answer % Correct
Electric Slime
75%
Sailor Egg
75%
Christmas 2022 Stocking
50%
Cool Egg 1
50%
Domortuus Astra
50%
Golden Huge Anime Agony
50%
Huge Blue Balloon Cat
50%
Huge Cyborg Capybara
50%
Huge Nightmare Kraken
50%
Titanic Jolly Cat
50%
Atlantean Stingray
25%
Chest Mimic
25%
Cool Corgi
25%
Dark Matter Samurai Dragon
25%
Exclusive Egg 1
25%
Hot Dooooog
25%
Pog Egg
25%
Rainbow Shiny Huge Party Crown Ducky
25%
Sea Dragon
25%
Signature BIG Mascot
25%
Sleipnir
25%
Stacked Doge Noob
25%
No matching quizzes found
Score Distribution
Percent of People with Each Score
Percentile by Number Answered
Your Score History
You have not taken this quiz